<?xml version="1.0" encoding="UTF-8"?>
<collection xmlns="http://www.loc.gov/MARC21/slim">
 <record>
  <leader>01503cam a22003252  4500</leader>
  <controlfield tag="001">1071206672</controlfield>
  <controlfield tag="003">DE-627</controlfield>
  <controlfield tag="005">20220513124826.0</controlfield>
  <controlfield tag="007">tu</controlfield>
  <controlfield tag="008">850101s1967    xx ||||| m    00| ||ger c</controlfield>
  <datafield tag="035" ind1=" " ind2=" ">
   <subfield code="a">(DE-627)1071206672</subfield>
  </datafield>
  <datafield tag="035" ind1=" " ind2=" ">
   <subfield code="a">(DE-576)001206672</subfield>
  </datafield>
  <datafield tag="035" ind1=" " ind2=" ">
   <subfield code="a">(DE-599)BSZ001206672</subfield>
  </datafield>
  <datafield tag="035" ind1=" " ind2=" ">
   <subfield code="a">(OCoLC)69219587</subfield>
  </datafield>
  <datafield tag="040" ind1=" " ind2=" ">
   <subfield code="a">DE-627</subfield>
   <subfield code="b">ger</subfield>
   <subfield code="c">DE-627</subfield>
   <subfield code="e">rakwb</subfield>
  </datafield>
  <datafield tag="041" ind1=" " ind2=" ">
   <subfield code="a">ger</subfield>
  </datafield>
  <datafield tag="100" ind1="1" ind2=" ">
   <subfield code="a">Hartmann, Peter Claus</subfield>
   <subfield code="d">1940-</subfield>
   <subfield code="0">(DE-588)121408795</subfield>
   <subfield code="0">(DE-627)08128795X</subfield>
   <subfield code="0">(DE-576)161318770</subfield>
   <subfield code="4">aut</subfield>
  </datafield>
  <datafield tag="245" ind1="1" ind2="4">
   <subfield code="a">Die Finanz- und Subsidienpolitik des Kurfürsten Max Emanuel von Bayern und der kurbayerische Gesandte in Paris, Comte d'Albert - Fuerst Grimberghen</subfield>
   <subfield code="c">Peter C. Hartmann</subfield>
  </datafield>
  <datafield tag="264" ind1=" " ind2="1">
   <subfield code="a">Augsburg</subfield>
   <subfield code="b">Blasaditsch [Dr.]</subfield>
   <subfield code="c">1967</subfield>
  </datafield>
  <datafield tag="300" ind1=" " ind2=" ">
   <subfield code="a">229 S. [Fotodr.]</subfield>
  </datafield>
  <datafield tag="336" ind1=" " ind2=" ">
   <subfield code="a">Text</subfield>
   <subfield code="b">txt</subfield>
   <subfield code="2">rdacontent</subfield>
  </datafield>
  <datafield tag="337" ind1=" " ind2=" ">
   <subfield code="a">ohne Hilfsmittel zu benutzen</subfield>
   <subfield code="b">n</subfield>
   <subfield code="2">rdamedia</subfield>
  </datafield>
  <datafield tag="338" ind1=" " ind2=" ">
   <subfield code="a">Band</subfield>
   <subfield code="b">nc</subfield>
   <subfield code="2">rdacarrier</subfield>
  </datafield>
  <datafield tag="502" ind1=" " ind2=" ">
   <subfield code="a">München, Univ., Diss. v. 23. Febr. 1967</subfield>
  </datafield>
  <datafield tag="655" ind1=" " ind2="7">
   <subfield code="a">Hochschulschrift</subfield>
   <subfield code="0">(DE-588)4113937-9</subfield>
   <subfield code="0">(DE-627)105825778</subfield>
   <subfield code="0">(DE-576)209480580</subfield>
   <subfield code="2">gnd-content</subfield>
  </datafield>
  <datafield tag="751" ind1=" " ind2=" ">
   <subfield code="a">München</subfield>
   <subfield code="0">(DE-588)4127793-4</subfield>
   <subfield code="0">(DE-627)105722073</subfield>
   <subfield code="0">(DE-576)209596570</subfield>
   <subfield code="4">uvp</subfield>
  </datafield>
  <datafield tag="787" ind1="0" ind2="8">
   <subfield code="i">Rezensiert in</subfield>
   <subfield code="a">Schlaich, Heinz W.</subfield>
   <subfield code="t">[Rezension von: Peter Claus Hartmann, Die Finanz- und Subsidienpolitik des Kurfürsten Max Emanuel von Bayern und der kurbayerische Gesandte in Paris]</subfield>
   <subfield code="d">München : Wilhelm Fink Verlag, 1973</subfield>
   <subfield code="w">(DE-627)1577614313</subfield>
   <subfield code="w">(DE-576)507614313</subfield>
  </datafield>
  <datafield tag="951" ind1=" " ind2=" ">
   <subfield code="a">BO</subfield>
  </datafield>
  <datafield tag="991" ind1=" " ind2=" ">
   <subfield code="a">Rezensiertes Werk</subfield>
  </datafield>
  <datafield tag="999" ind1=" " ind2=" ">
   <subfield code="a">KXP-PPN1071206672</subfield>
   <subfield code="e">4649463947</subfield>
  </datafield>
 </record>
</collection>
